| 000 | 00423nam a22001337a 4500 | ||
|---|---|---|---|
| 082 |
_a347.995491 _bBAL |
||
| 100 | _aBali, Mehram Ali | ||
| 245 |
_aArt of Advocacy & Cross Examination: _b(Civil, Criminal and Revenue) / _cMehram Ali Bali |
||
| 260 |
_aLahore : _bImran Law Book House, _c2024. |
||
| 300 | _a594 p. | ||
| 563 | _aHB. | ||
| 650 |
_aLaw, Art of Advocacy and Cross Examination _9128316 |
||
| 942 |
_2ddc _cBK |
||
| 999 |
_c613327 _d613327 |
||